|
|
|
|
| LEADER |
00915nam a2200217 a 4500 |
| 001 |
GR-MES13204 |
| 008 |
070926s gr 000 0 gre d |
| 020 |
|
|
|a 9602866764
|
| 040 |
|
|
|a GrPaTEI
|b gre
|c GR-PaULI
|
| 040 |
|
|
|a GrPaTEI
|b gre
|c GR-PaULI
|
| 082 |
|
0 |
|a 658.15
|2 22
|
| 245 |
0 |
0 |
|a Οικονομική των επιχειρήσεων /
|c Ιωάννης Ντόμαλης.
|
| 260 |
|
|
|a Αθήνα :
|b 'Ιων,
|c 2002
|
| 300 |
|
|
|a 289σελ. ;
|c 24εκ.
|
| 504 |
|
|
|a Βιβλιογραφία : σελ (280-289)
|
| 650 |
|
4 |
|a ΕΠΙΧΕΙΡΗΣΕΙΣ
|x ΧΡΗΜΑΤΟΟΙΚΟΝΟΜΙΚΗ
|
| 700 |
1 |
|
|a Ντόμαλης, Ιωάννης
|
| 942 |
|
|
|2 ddc
|
| 952 |
|
|
|0 0
|1 0
|2 ddc
|4 0
|6 658_150000000000000_ΝΤΟ
|7 0
|9 271711
|a MSLG
|b MSLG
|c BSC
|d 2021-01-17
|e 24
|f 0
|g 0.00
|l 0
|o 658.15 ΝΤΟ
|p 2420000022276
|r 2021-01-17 00:00:00
|t 1
|w 2021-01-17
|y BK15
|x 20070926 0 1
|x GrPaTEI
|
| 971 |
|
|
|a .b25792520
|b 16-04-20
|c 13-09-16
|
| 999 |
|
|
|c 156999
|d 156999
|